[Event "Mumbai Wealth op 3rd"]
[Site "Mumbai"]
[Date "2018.01.04"]
[Round "6"]
[White "Atalik, Suat"]
[Black "Horvath, Adam"]
[Result "1-0"]
[WhiteElo "2545"]
[BlackElo "2473"]
[Annotator "Atalik,S"]
[PlyCount "55"]
[EventDate "2017.12.30"]
[EventType "swiss"]
[EventRounds "9"]
[EventCountry "IND"]
[SourceTitle "CBM 183"]
[Source "ChessBase"]
[SourceDate "2018.03.14"]
[SourceVersion "1"]
[SourceVersionDate "2018.03.14"]
[SourceQuality "1"]

1. d4 Nf6 2. c4 e6 3. Nc3 Bb4 4. Qc2 b6 5. e4 c5 6. d5 Qe7 {A modern line
which I had studied prior to this game.} 7. Nge2 exd5 8. exd5 d6 (8... O-O 9.
Bd2 Ba6 10. O-O-O Bxc4 (10... Ng4 11. Ng3) 11. Ng3) 9. Bd2 (9. Bg5 h6 10. Bh4
O-O (10... Qe4 11. Qxe4+ Nxe4 12. O-O-O) 11. O-O-O Nbd7 $13) 9... O-O 10. f3 $1
{A very important move in this line and it is actually a pawn sac.} (10. O-O-O
Ng4 $1) 10... Nfd7 $6 $146 (10... Ba6 11. O-O-O Bxc4 12. Ng3 Bxf1 13. Rhxf1 $44
) 11. O-O-O Ne5 12. Ng3 f5 13. f4 Ng4 14. Re1 Qh4 15. Bd3 $1 g6 (15... Nf2 $2
16. Bxf5 Bxc3 17. bxc3 Nxh1 18. Bxc8 Rxc8 (18... Nxg3 19. hxg3 Qxg3 (19... Qd8
20. Be6+ Kh8 21. Rh1 h6 22. f5 Rf6 23. g4 $18) 20. Qe4) 19. Nf5 Qd8 20. Ne7+
Kh8 21. Nxc8 Qxc8 22. Rxh1 $16 {is what I had accurately calculated.}) 16. a3
Ba5 17. Re2 (17. Nb5 Bxd2+ 18. Qxd2 Qd8 19. Nc3 a6 20. Nf1 $16) 17... a6 18.
Kb1 Bd7 (18... Ra7 19. Nf1) 19. Nf1 b5 20. h3 (20. cxb5 Bxc3 21. Bxc3 axb5)
20... Nh6 (20... Nf6 21. g3 Qh6 22. Ne3 $16) 21. Nh2 $1 {The knight heads to
the e6-square.} (21. cxb5 Bxc3 22. Bxc3 axb5 23. g3 Qd8 24. b3 Rxa3 25. Bb2 Qa5
26. Ne3 Na6 {looked playable for Black.} {However} 27. Ng4 $3) 21... Ra7 $2 (
21... Qd8 22. Nf3) 22. cxb5 $1 c4 (22... Bxc3 23. b6 Rb7 24. Nf3 Qd8 25. Bxc3
Qxb6 26. g4 $18) (22... axb5 23. Nxb5 $18) 23. Bxc4 Rc7 24. Nf3 Qd8 25. Qd3 $18
{Black has no compensation for the pawns.} Qc8 $138 26. b3 {Solid,} (26. bxa6
Rxc4 27. a7 Na6 28. a8=Q Qxa8 29. Qxc4 $18) ({but I had also seen} 26. Bb3 Bxc3
27. Bxc3 Bxb5 28. Qd4 Rxc3 29. Re7 $1 Bd3+ 30. Ka2 $18) 26... axb5 27. Nxb5
Bxd2 $2 (27... Bxb5 28. Bxb5 Bxd2 29. Qxd2 $18) 28. Nxc7 (28. Nxd6 Qd8 29. Qxd2
$18) 1-0

[Event "EU-ch 7th"]
[Site "Kusadasi"]
[Date "2006.04.10"]
[Round "7"]
[White "Atalik, Suat"]
[Black "Balogh, Csaba"]
[Result "0-1"]
[WhiteElo "2632"]
[BlackElo "2576"]
[Annotator "Atalik,S"]
[PlyCount "76"]
[EventDate "2006.04.04"]
[EventType "swiss"]
[EventRounds "13"]
[EventCountry "TUR"]
[SourceTitle "CBM 111 Extra"]
[Source "ChessBase"]
[SourceDate "2006.05.09"]
[SourceVersion "1"]
[SourceVersionDate "2006.05.09"]
[SourceQuality "1"]

1. d4 Nf6 2. c4 e6 3. Nc3 Bb4 4. Qc2 O-O 5. a3 Bxc3+ 6. Qxc3 b5 $5 {Adorjan
line!} 7. cxb5 c6 8. Bg5 cxb5 9. e3 Bb7 10. Nf3 $6 {After this game I really
started to dislike this toothless move.} (10. f3 a6 11. Bd3 Nc6 12. Ne2 $5 $13
{may give white better prospects.}) 10... h6 11. Bxf6 Qxf6 12. Be2 Rc8 13. Qd3
a6 14. O-O Nc6 15. b4 $4 {A horrible move.Becoming annoyed with the early
coming equality I have pulled out this idiotic move.} (15. Nd2 Na5 (15... Ne7
16. Rfc1 $11) 16. Rfc1 $11) 15... Ne7 16. Rfc1 (16. a4 bxa4 17. Rxa4 Nd5 18.
Qd2 Nc3 $17) 16... Nd5 17. Qd2 Nb6 18. Rxc8+ Rxc8 19. Rc1 Qd8 $1 $17 20. Ne1
Bd5 21. f3 Rxc1 22. Qxc1 Bc4 23. Bd1 (23. Bxc4 $5 Nxc4 24. Qc3 Qg5 25. Nc2 $17
{was a serious option.}) 23... Qg5 24. f4 Qd5 25. Nf3 Qb7 (25... Bb3 26. Be2)
26. Ne5 {All endings are bad for white.} (26. Nd2 Bd5 27. Bf3 Bxf3 28. gxf3 Nc4
29. Nxc4 Qc6 $17) 26... d6 $1 (26... Bd5 27. Qc5) 27. Bf3 Bd5 28. Bxd5 Qxd5 29.
Qc7 dxe5 30. Qxb6 exd4 31. exd4 $2 {Having repaired my position by some
sensible play I once gain destroy it.} (31. Qxd4 Qb3 {Since the pawn endgame
is a draw this is forced.} (31... Qxd4 $2 32. exd4 Kf8 33. Kf2 Ke7 34. Ke3 Kd6
35. Ke4 f5+ (35... h5 36. g3 g6 37. h3 f6 38. Ke3 Kd5 39. Kd3 g5 40. fxg5 fxg5
41. Ke3 e5 42. dxe5 Kxe5 43. Kd3 Kd5 44. h4 g4 45. Ke3 Kc4 46. Kf4 Kb3 47. Kg5
Kxa3 48. Kxh5 Kxb4 49. Kxg4 $11) 36. Ke3 Kd5 37. Kd3 g5 38. fxg5 hxg5 39. Ke3 (
39. g3 g4) 39... f4+ 40. Kd3 e5 41. dxe5 Kxe5 42. g3 $11) 32. h4 Qxa3 33. Kh2
$17) 31... Qe4 $19 {Now with this terrible bunch of pawns white is lost.} (
31... Qb3 $5 $19) 32. Qb8+ (32. g3 Qe3+ 33. Kg2 Qxa3 34. Qc5 a5 35. bxa5 Qxa5
$19) 32... Kh7 33. Qe5 Qb1+ 34. Kf2 Qb2+ 35. Kf1 Qxa3 36. Qc5 a5 $1 (36... Qa1+
$4 37. Kf2 Qa2+ 38. Kf3 Qd5+ 39. Qxd5 exd5 40. f5 g5 41. Kg4 Kg7 42. Kh5 Kf6
43. g4 Kg7 44. h4 gxh4 (44... f6 45. hxg5 hxg5) 45. Kxh4 Kf6 46. Kh5 $11) 37.
Qc2+ f5 38. bxa5 b4 $1 0-1

[Event "Athens Acropolis op"]
[Site "Athens"]
[Date "2004.11.21"]
[Round "6"]
[White "Atalik, Suat"]
[Black "Gershon, Alik"]
[Result "1/2-1/2"]
[WhiteElo "2541"]
[BlackElo "2524"]
[Annotator "Atalik,S"]
[PlyCount "123"]
[EventDate "2004.11.16"]
[EventType "swiss"]
[EventRounds "9"]
[EventCountry "GRE"]
[SourceTitle "CBM 103 Extra"]
[Source "ChessBase"]
[SourceDate "2005.01.01"]
[SourceVersion "1"]
[SourceVersionDate "2005.01.01"]
[SourceQuality "1"]

1. d4 Nf6 2. c4 e6 3. Nc3 Bb4 4. Qc2 O-O 5. a3 Bxc3+ 6. Qxc3 b6 7. Bg5 Bb7 {
Alik always goes for the main line.} (7... Ba6 $5 8. Qf3 Nc6 9. e3 Na5 10. Rc1
c5) 8. e3 d6 9. Ne2 Nbd7 10. Qd3 $1 {I like Bareev's line more than any other
in this variation.} Ba6 {The real test of the variation!} (10... c5 11. Nc3 Qe7
12. Rd1 Rfd8 13. d5 h6 14. Bh4 Ne5 15. Qc2 Ng6) 11. Nc3 h6 $5 {I was very
happy when he has introduced this.} ({Before the game I was considering} 11...
d5 12. Qc2 Bxc4 13. Bxc4 dxc4 14. Qa4 c5 15. Rd1 $1 {My bigtime novelty.} (15.
Qxc4 {Everyone takes this way but my idea is to capture this pawn with my rook!
} cxd4 16. Qxd4 h6 17. Bh4 g5 18. Bg3 Nc5 $11)) 12. Bh4 d5 13. Qc2 Bxc4 14.
Bxc4 dxc4 15. Qa4 c5 16. Rd1 $1 $146 {So finally I have introduced my novelty.
However Alik burned something like half an hour and came up with a very good
idea.} Qc8 $1 {And I have gone immediately wrong.} 17. Qxc4 $6 ({Probably I
had to try} 17. O-O $5 cxd4 18. Rxd4 Ne5 $5 19. Bxf6 gxf6 20. f4 Ng4 21. Rf3 (
21. Rxc4 $6 Qe8) 21... f5 22. Rxc4 ({or} 22. h3 Nf6 23. Rxc4 $16) 22... Qd8 23.
h3 Nf6 24. e4 $16 fxe4 25. Nxe4 Nxe4 26. Rxe4 Qf6 27. f5 Qxb2 (27... exf5 28.
Qb5) 28. fxe6 fxe6 29. Qc6 $40) 17... cxd4 18. Qxc8 (18. Qxd4 Qa6 $1 {I was
annoyed by this possibilty. Black is ready for Rac8-c4.}) 18... Raxc8 19. Rxd4
Ne5 20. Bxf6 gxf6 21. Kd1 $5 {Looks stupid, why not to d2? However actually
there is no difference between these to moves.} (21. Kd2 Rfd8 22. Rd1 $5 {
The only move which can make any difference between two squares for the king
runs into} (22. Rxd8+ Rxd8+ 23. Kc2 {transposes.}) 22... Nc6 $1 (22... Rxd4+ $6
23. exd4 Nc4+ 24. Kc2 Kf8 25. d5 Ke7 26. Rd4 Nd6 27. Kd3 $14) 23. Rxd8+ Rxd8+
24. Kc2) 21... Rfd8 22. Rxd8+ Rxd8+ 23. Kc2 f5 24. Rd1 Rxd1 25. Nxd1 $14 {
This knights ending looks more or less equal.} Kf8 26. f4 $1 {The only idea.}
Ng4 {I did not like this move much during the game but it may turn out to be
ok.} (26... Nc4 27. Kc3 Nd6 28. Kd4 Ke7 29. Nc3 f6 $14) (26... Nc6 27. Nc3 Ke7
28. Kd3 Kd6 29. e4 fxe4+ 30. Nxe4+ $14) 27. h3 {The pawn sac is no good.} (27.
Kd3 $6 Nxh2 (27... Ke7 28. Kc4 a6 29. h3 Nf6 30. Nc3 $14 {is also normal.}) 28.
Kc4 a6 29. a4 Ng4 30. a5 bxa5 31. Kc5 (31. Kb3 $2 Ke7 32. Ka4 Kd6 33. Kxa5 Kc5
$19) 31... Ke7 32. Kb6 a4 33. Kxa6 Kd6 34. Kb5 Kc7 35. Kxa4 Kb6 $11) 27... Nf6
28. Nc3 Ke7 29. Kd3 a6 30. Kd4 Kd7 {He can not step on d6 since the pawn
ending is lost.} (30... Kd6 $2 31. e4 fxe4 32. Nxe4+ Nxe4 33. Kxe4 f5+ 34. Kd4
h5 35. g3 Kd7 36. Ke5 Ke7 37. a4 $18) 31. Nd1 $5 {It looked like the only way
to improve my position is correlated with g4 thrust rather than e4.} (31. e4
fxe4 32. g4 $5 (32. Nxe4 Nh5 $5 (32... Nd5 33. g3 h5 34. f5 $1 f6 $1 (34...
exf5 $2 {Once again the pawn ending is lost!} 35. Kxd5 fxe4 36. Kxe4 Ke6 37.
Kf4 Kf6 38. h4 Kg6 39. Ke5 $18) 35. g4 hxg4 36. hxg4 Ke7 $14) 33. Ke3 Ke7 34.
g4 Ng7 35. Kd4 f6 $14) 32... Ke7 (32... Nd5 33. Kxe4 Ne7 (33... Nxc3+ $2 34.
bxc3 f6 35. c4 (35. h4 $2 b5 36. g5 fxg5 37. fxg5 hxg5 38. hxg5 Ke7 39. Ke5 Kf7
40. Kd6 Kg6 41. Kxe6 Kxg5 42. Kd5 Kf5 43. Kc5 Ke4 44. Kb6 Kd5 $3 45. Kxa6 Kc6
$11) 35... Ke7 36. h4 $18) 34. g5 hxg5 35. fxg5 Kd6 $14 36. h4 $140 $2 Nf5) 33.
Nxe4 Nd5 34. f5 f6 $11) 31... Kd6 32. Nf2 Nd5 {Once again he had to avoid the
pawns ending.} (32... h5 $2 33. e4 fxe4 34. Nxe4+ Nxe4 35. Kxe4 f5+ 36. Kd4 h4
37. Ke3 Kd5 38. Kf3 (38. g3 $2 hxg3 39. Kf3 e5 40. Kxg3 (40. fxe5 $2 f4) 40...
e4) 38... e5 39. fxe5 Kxe5 40. b3 $1 (40. g3 $2 hxg3 41. Kxg3 Ke4 42. Kf2 (42.
h4 Ke3 43. Kg2 Kf4 (43... Ke2 44. Kg3 $11) 44. Kh3 $11)) 40... b5 41. b4 Ke6
42. g3 hxg3 43. Kxg3 Ke5 44. Kf3 (44. h4 Ke4 45. h5 Ke3 $11) 44... f4 45. h4
Kf5 46. h5 Kg5 47. h6 Kxh6 48. Kxf4 $18) 33. g4 fxg4 34. Ne4+ $1 {This move is
not a simple check to his king but is the only move which keeps the game going
on.} (34. Nxg4 $6 h5 35. Ne5 f6 36. Ng6 Nc7 $11) (34. hxg4 $6 f5 $1 $11) 34...
Ke7 35. hxg4 Nc7 36. Ng3 $6 {The knight crosses the board to go to h5.} (36.
Nc3 $142 $1 Ne8 37. Na4 Nf6 38. g5 hxg5 39. fxg5 Nh7 40. Nxb6 Nxg5 41. Kc5 Ne4+
42. Kc6 (42. Kb4 $6 Kd6 $1 43. Ka5 Kc6 44. Kxa6 Nc5+ 45. Ka7 Nb3 $11) 42... Nd6
43. b4 $14) 36... Ne8 37. Nh5 Nd6 $6 {Now he could have gone for the pawn
ending since it is a draw this time.} (37... Nf6 $1 38. Nxf6 Kxf6 39. e4 (39.
Ke4 Ke7 40. Ke5 (40. f5 $6 Kf6 $1 41. fxe6 fxe6 42. Kf4 e5+ 43. Ke4 Ke6) 40...
f6+ 41. Kd4 Kd6 $11) 39... e5+ $1 {We both have missed this.} 40. fxe5+ Kg5 41.
e6 fxe6 42. Ke5 Kxg4 43. Kxe6 h5 44. Kd6 h4 45. e5 h3 46. e6 h2 47. e7 h1=Q 48.
e8=Q Qc1 $1 49. Qe2+ Kg3 50. Qxa6 Qxb2 51. a4 Qd4+ $11) 38. e4 Nb5+ 39. Ke5 Na7
$1 {Alik defends tough.} 40. Kd4 Nb5+ 41. Kd3 f6 $6 {Simply passive.} (41... f5
42. gxf5 exf5 43. e5 Kf7 44. Nf6 Nc7 45. Ke3 a5 46. Kf3 b5 47. Kg3 Ne6 48. Nd5
Nd4 $132) 42. e5 $1 {The right idea. I have started to lick my chops in this
moment.} ({I could not see a valid follow up after} 42. f5 e5 $11) 42... fxe5
43. fxe5 Nc7 44. Nf6 Ne8 $6 {If he would stay put it will be a draw this way
or another. The text is risky.} (44... Kf7 45. b4 Kg6 46. a4 Kg5 47. Ke4 Kg6
48. Nd7 (48. a5 bxa5 49. bxa5 Nb5 50. Nd7 Kg5 $11) 48... Nd5 49. a5 bxa5 50.
bxa5 Kg5 51. Kf3 Nc7 52. Nc5 Kh4 $11 (52... h5 {Even this does not lose.} 53.
gxh5 Kxh5 54. Ke3 Kg5 55. Ke4 Kg4 56. Nd7 Nb5 57. Nb8 Nc7 58. Kd4 Kf4 59. Nc6
Nb5+ 60. Kc5 Ke4 61. Kb6 Kd5 62. Nb4+ Kxe5 63. Kxa6 Nd6 64. Ka7 Kd4 65. a6 Kc5
$11)) 45. Ng8+ Kf7 46. Nxh6+ Kg7 $8 (46... Kg6 $2 47. Ng8 Kf7 48. Nf6 Nxf6 49.
exf6 Kxf6 50. Ke4 $18 {is another winning pawn ending.}) 47. g5 Kg6 48. Ke4 Nc7
(48... Kxg5 49. Ng8 (49. Nf7+ Kg6 50. Nd6 Nc7 51. a4 Nd5 $14) 49... Nc7 (49...
Kg6 50. Ne7+ Kg7 51. Nc8 b5 52. Kd4 $18) 50. Ne7 Kg4 {transposes to the game
continuation.}) 49. Ng8 Kxg5 50. Ne7 Kg4 51. Ng6 Kh5 52. Nf8 Kg5 {We ended up
in a critical position. I was in between different pawn pushes. My main idea
is always linked to Ne6 sac.} 53. a4 (53. b4 b5 $1 {I was annoyed by this
blockade since he has time to generate counterplay hooked on my a3.} (53... a5
$2 54. bxa5 bxa5 55. a4 Kg4 56. Nd7 Na6 57. Kd4 Kf5 58. Kc4 $18) (53... Kh6 $6
54. Nd7 (54. Nxe6 Nxe6 55. Kd5 Nf4+ 56. Kd6 Kg7 57. e6 Kf8 58. Kd7 Nd5 59. Kc6
Nc3 60. Kxb6 Ke7 61. Kxa6 Kxe6 62. b5 Nxb5 $11) 54... Nd5 55. Nb8 a5 (55... Nc7
56. a4 Kg5 57. a5 bxa5 58. bxa5 Kg4 59. Kd4 Kf5 60. Nd7 Kf4 61. Kc5 Nd5 62. Nb8
Kxe5 63. Nxa6 $18) 56. bxa5 bxa5 57. Nc6 a4 58. Kd4 Kg5 59. Kc5 Ne3 60. Kb5 Kf5
61. Kxa4 Nc4 62. Kb4 Nxe5 $11) 54. Nh7+ (54. Nd7 Nd5 55. Kd4 Kf4 56. Kc5 Ne3
57. Kb6 Nc4+ 58. Kxa6 Nxa3 $11) 54... Kg6 55. Nf6 Kg5 56. Nd7 Nd5 57. Kd4 (57.
Nc5 Nc7 58. a4 bxa4 59. Nxa4 Nd5 $11) 57... Kf5 58. Nb8 (58. Kc5 Ne3 59. Kb6
Nc4+ 60. Kxa6 Nxa3 61. Kb6 Ke4 $11) 58... Nc7 59. Kc5 Kxe5 60. Kc6 Nd5 61. Nxa6
Nc3 62. Nc7 Kd4 63. Nxe6+ Kc4 $11) (53. b3 Kh6 54. Nxe6 Nxe6 55. Kd5 Nc5 56. b4
Nd3 57. e6 Kg7 58. Kc6 Kf6 59. Kxb6 Kxe6 60. Kxa6 Kd7 $11) 53... Kh6 {He can
not push a5.} (53... a5 $2 54. b3 Kh6 55. Kd4 Kg5 56. Nd7 Nd5 57. Kc4 Kf5 58.
Kb5 $18) 54. Nxe6 {The knight sac always ends up in a draw but what else is
there.} (54. b4 Kg7 55. Nd7 Nd5 56. a5 b5 $1 57. Nc5 Nxb4 58. Nxe6+ Kf7 $11)
54... Nxe6 55. Kd5 Nf4+ 56. Kc6 (56. Kd6 Kg7 $1 (56... Kg6 57. e6 Nd3 $1 $11 {
Even this is a draw!}) 57. e6 Kf8 58. Kd7 Nd5 59. Kc6 Nb4+ 60. Kxb6 Ke7 $11)
56... Kg6 57. Kxb6 (57. b4 Kf5 58. Kxb6 Nd5+ $11) 57... Nd3 {Draw offer.} 58.
b3 {I have just wanted to play until bare kings remain over the board.} (58.
Kxa6 Nxb2 59. a5 Nc4 $11) 58... Kf5 59. Kxa6 Nc5+ 60. Kb5 Nxb3 61. Kc4 Kxe5 {
Simplest!} (61... Na5+ 62. Kd5 Nb7 63. e6 Kf6 $11) 62. Kxb3 {His king is close
enough.} 1/2-1/2

[Event "Augsburg"]
[Site "Augsburg"]
[Date "2004.12.27"]
[Round "1"]
[White "Atalik, Suat"]
[Black "Rozentalis, Eduardas"]
[Result "1/2-1/2"]
[WhiteElo "2541"]
[BlackElo "2595"]
[Annotator "Atalik,S"]
[PlyCount "144"]
[EventDate "2004.12.27"]
[EventType "tourn"]
[EventRounds "11"]
[EventCountry "GER"]
[EventCategory "8"]
[SourceTitle "CBM 104 Extra"]
[Source "ChessBase"]
[SourceDate "2005.03.01"]
[SourceVersion "1"]
[SourceVersionDate "2005.03.01"]
[SourceQuality "1"]

1. d4 Nf6 2. c4 e6 3. Nc3 Bb4 4. Qc2 O-O 5. a3 Bxc3+ 6. Qxc3 d6 {A line
championed by Yudasin.} 7. Bg5 Nbd7 8. e3 b6 9. Ne2 $5 {This has become a
favorite move of mine.} Bb7 $5 {This came as a surprise during the game. I
have thought that by this move order Edik wanted to avoid Qf3 in immediate Ba6
lines, so I was sure that he would put his bishop on a6.} (9... Ba6 10. Qc2 $1
c5 (10... Qc8 11. Nc3 c5 12. Rd1 cxd4 13. Rxd4 Qc5 {transposes to the other
line.} (13... d5 14. cxd5 Bxf1 15. dxe6 Bxg2 16. exd7 Nxd7 17. Rg1 Ne5 18. Rxg2
Nf3+ 19. Ke2 $18)) 11. Rd1 Qc7 (11... Rc8 12. Nc3 cxd4 13. Rxd4 Qc7 (13... Rc5
$2 14. Ne4) (13... Ne5 14. Qd1 Qe7 (14... Qc7 15. Bxf6 gxf6 16. Ne4) 15. Ne4 d5
16. cxd5 Bxf1 17. Kxf1 exd5 18. Bxf6 gxf6 19. Nc3 Qe6 20. Nxd5 $16) 14. Qd2 h6
15. Bh4 e5 16. Rxd6 Bxc4 17. Bxc4 Qxc4 18. Bxf6 Nxf6 19. Qe2 $14) 12. Nc3 cxd4
13. Rxd4 Qc5 14. Bh4 e5 15. Rd2 Rac8 16. Qd3 Bxc4 17. Qxc4 Qxc4 18. Bxc4 Rxc4
19. Bxf6 Nxf6 20. Rxd6 Ne4 21. Nxe4 Rxe4 22. Kd2 $14) 10. Qd3 h6 11. Bh4 Re8 $5
{Edik wants to keep things simple.} (11... Ba6 12. Nc3 d5 13. Qc2 Bxc4 14. Bxc4
dxc4 15. Qa4 c5 16. Rd1 $1 Qc8 17. O-O $1 $36 {is ok for white.}) 12. Nc3 Nf8
$5 {A slow but interesting plan by GM Rozentalis.} (12... e5 13. d5 e4 (13...
Nc5 14. Qd1 a5 15. b4 axb4 16. axb4 Rxa1 17. Qxa1) 14. Qd4 a5 15. Be2 a4 16.
Bd1 Nc5 17. Bc2 Re5 18. O-O $40) 13. Qd1 $1 {This was a difficult move to find.
My queen has finished her job on d3.} Ng6 14. Bg3 {Now white can go for d5.}
Ne4 $6 {This gives white a free hand.} (14... e5 15. d5 c6 (15... e4 16. Be2)
16. Be2) ({I would have preferred} 14... d5 $142 $1 15. f3 e5 (15... c5 16.
cxd5 exd5 17. Kf2 Qe7 18. Qd2 c4 19. Be2 $13) 16. dxe5 Nxe5 17. cxd5 Nxd5 18.
Nxd5 Bxd5 19. e4 $14) 15. Nxe4 Bxe4 16. f3 Bb7 17. Bd3 Qg5 18. f4 $5 {looks
ugly, but when white is lagging on development any tempo helps.} (18. Qd2 e5
19. d5 f5 20. O-O Bc8 21. f4 exf4 22. exf4 Qf6 23. Bf2 Bd7 24. Bc2 Qxb2 25. Bd4
Re2 26. Qxe2 Qxd4+ 27. Kh1 Re8 28. Qd3 Re4 29. Qxd4 Rxd4 30. g3 Rxc4 31. Bb3
Rc5 $44) (18. Qe2 $2 e5 19. d5 Nf4 $36) 18... Qf6 19. O-O $14 Ne7 (19... Nh4 $6
20. Qg4 (20. Bxh4 Qxh4 21. e4 $16) 20... Nxg2 21. Bf2 c5 22. d5 exd5 23. Qxg2
dxc4 24. Bh7+ Kxh7 25. Qxb7 $16) 20. Qh5 Nf5 21. Bf2 g6 22. Qh3 h5 23. Rac1 {
Immediate attacks do not work.} (23. e4 $2 Nxd4 24. Bh4 Qg7 25. e5 dxe5 26.
fxe5 Qxe5 27. Bf6 (27. Rae1 Qc5) 27... Ne2+ 28. Kh1 Nf4 29. Bxe5 Nxh3 $17)
23... Qg7 24. Be1 Nh6 25. Bc3 d5 (25... f5 $6 26. Qg3 $1 $16 (26. d5 $6 Qf7 27.
dxe6 (27. e4 $2 fxe4 28. Bxe4 exd5 29. Bxd5 Bxd5 30. cxd5 Qxd5 31. Qd7 Qf7 $17)
27... Qxe6 28. Rce1 Be4 $13)) 26. c5 $1 (26. cxd5 $6 exd5 27. Bd2 c6 28. Qf3
$11 (28. f5 $2 Bc8 29. Rxc6 Bxf5 30. Bxf5 Nxf5 31. Rxf5 gxf5 $17 {White does
not seem to have enough for the sacrificed material.})) 26... a5 27. b4 (27.
Bb5 c6 28. Bd3 Ba6 (28... b5 29. Qf3 $14 (29. e4 $2 b4)) 29. Bxa6 Rxa6 30. cxb6
Rb8 31. e4 Raxb6 $132) 27... axb4 28. Bxb4 Ba6 29. Bxa6 Rxa6 30. cxb6 cxb6 31.
Rc7 {White is better but it is very difficult to proceed.} (31. Rc6 Nf5 32.
Rfc1 Qf6 (32... g5 $2 33. Qxh5 gxf4 34. Rxe6 $3 $18) 33. Qf3 Kg7 $14) 31... Nf5
32. Qf3 Raa8 33. Rfc1 Qf6 ({I had to watch all the time for} 33... g5 $2 34.
Qxh5 gxf4 35. exf4 Qxd4+ 36. Kh1 Qg7 37. g4 Nd4 38. Bc3 Ra4 39. Rd1 e5 40. Re1
$16) 34. g3 Qd8 35. R7c6 Ne7 36. Rd6 Qb8 37. Qe2 {I did not like to go for Q+R
vs 2R+N because of the nature of the position.} (37. Rd7 Ra7 $1 (37... Nf5 $6
38. Rcc7 Rc8 39. Rb7 Rc1+ 40. Kg2 Qc8 (40... Qe8 41. e4 dxe4 (41... Nxd4 42.
Qd3 Nc6 43. Rxf7 Qxf7 44. Rxf7 Kxf7 45. exd5 Nxb4 46. dxe6+ $18) 42. Qxe4 Rac8
43. Kh3 $40) 41. Rxf7 Qc2+ 42. Kh3 Qd3 43. Rf6 Nxd4 44. Qg2 Rc2 45. Qh1 Nc6 46.
e4 $18) 38. Bd6 Rxd7 39. Bxb8 Rxb8 $44) 37... Nf5 $6 (37... Rd8 38. Rxd8+ Qxd8
39. Qb5 Rc8 40. Rxc8 Nxc8 $11 41. Qc6 $140 Ne7) 38. Rdc6 Qd8 39. Kf2 Kg7 40. h4
$5 {I just wanted to seal any possibility related to g5 off.} Rb8 41. Qa6 Kg8 (
41... Qf6 $6 42. Rxb6 Rxb6 43. Qxb6 Nh6 44. Qb5 $16) 42. Qa7 b5 43. Qc7 Qf6 44.
Qe5 Qd8 45. Qc7 Qf6 46. Rb6 Qd8 $1 {After the queens exchange I believe a draw
is anovoidable.} (46... Rxb6 47. Qxb6 Nh6 48. Qxb5 Ng4+ 49. Ke2 $16) (46... Ra8
47. Qe5 Qd8 48. Rb7 $14 (48. Rxb5 $2 Ra7 49. Bc5 f6 $17)) 47. Qxd8 Rexd8 48.
Rcc6 (48. Rbc6 Rb7) 48... Kg7 49. Bc5 Re8 50. Kf3 Kf6 51. Ra6 Rb7 52. Bb6 Kg7
53. Bc5 Kf6 54. Rcb6 Reb8 55. Rxb7 Rxb7 56. Ra8 Kg7 57. Bf8+ Kf6 58. Bc5 Kg7
59. Rc8 Kf6 60. Bb4 Kg7 61. Rc3 (61. Rc1 Kf6 62. Bc5 Ne7 63. Rb1 Nc6 64. e4 Na5
$11) 61... Kf6 62. Rb3 (62. Bc5 Ne7 63. Bd6 Nf5 $11) 62... Ne7 63. Rc3 Kg7 64.
Rc1 f6 65. Bc5 {I started to mark time.} (65. Bxe7 Rxe7 66. Rc6 Kf7 67. Rb6 Ra7
68. Rxb5 Rxa3 69. Rb7+ Kf8 $11) 65... Kf7 66. Rb1 Nc6 67. Ke2 (67. e4 dxe4+ 68.
Kxe4 Ke8 (68... Na5 $5) 69. a4 b4 70. Kd3 Kd7 71. Kc4 Na5+ 72. Kd3 $11) 67...
Rb8 68. Kd3 Ke8 69. Rg1 f5 70. Rc1 Kd7 (70... Na5 71. Ba7 Rb7 72. Rc8+ Kf7 (
72... Kd7 73. Rg8 $14) 73. Bc5 Nc4 $11) 71. Bb4 Rc8 72. Rb1 {I have started to
push way to hard.} ({My intended} 72. Rc5 $6 {runs into} Na7 73. Rxc8 Kxc8 74.
Kc3 Nc6 75. Kb3 Kb7 76. a4 Ka6 77. axb5+ Kxb5 78. Bc3 Ne7 79. Bd2 Nc8 80. Be1
Nd6 81. Bd2 Ne4 (81... Nc4 82. Bc1 Ka6 83. Ka4 Kb6 84. Kb4 $11) 82. Be1 $11)
72... Nxb4+ (72... Nxb4+ 73. Rxb4 Kc6 74. a4 bxa4 75. Rxa4 Kd7 76. Ra7+ Rc7 77.
Ra8 Rc8 78. Rxc8 Kxc8 79. Kc3 Kc7 80. Kb3 Kb7 $11) 1/2-1/2